| 000 | 01022nam a22002657a 4500 | ||
|---|---|---|---|
| 003 | BD-DhSAU | ||
| 005 | 20181203145043.0 | ||
| 008 | 161006b2016 bg ad||| |||| 00| 0 eng d | ||
| 040 | _aBD-DhSAU | ||
| 082 |
_222 _a338.1 _bS954 |
||
| 100 |
_aSultana, Afrana _4Regis.no. 08-03041 |
||
| 245 |
_aAn overview of scientific method of tilapia fish farming : a case study on Ifad Agro complex limited ; Bhaluka, Mymensingh/ _c Afrana Sultana _bMs Thesis |
||
| 260 |
_aSher- e- Bangla Agricultural University : _bDepartment of Agribusiness and Marketing , _c2016 |
||
| 300 |
_a x ,53 p. : _bill. ; _c30 cm. |
||
| 504 | _aIncludes bibliographical references | ||
| 590 | _aKamim | ||
| 650 | _aAgribusiness | ||
| 650 | _ascientific method | ||
| 650 | _a tilapia fish farming | ||
| 650 | _aBhaluka, Mymensingh | ||
| 700 |
_aRabbany, Md. Ghulam _eSuperviser |
||
| 700 |
_aDewan, Bisakha _eCo-superviser |
||
| 856 |
_uhttp://archive.saulibrary.edu.bd:8080/xmlui/handle/123456789/1766 _yOnline Access |
||
| 942 |
_2ddc _cINTERNSHIP |
||
| 999 |
_c13906 _d13905 |
||